Engineering economy (Record no. 1549)

000 -LEADER
fixed length control field 00674nam a22002294a 4500
001 - CONTROL NUMBER
control field 1549
003 - CONTROL NUMBER IDENTIFIER
control field BD-DhUET
008 - FIXED-LENGTH DATA ELEMENTS--GENERAL INFORMATION
fixed length control field 000424s2001 njua b 001 0 eng
020 ## - INTERNATIONAL STANDARD BOOK NUMBER
International Standard Book Number 013028128X
040 ## - CATALOGING SOURCE
Original cataloging agency DLC
Transcribing agency DLC
Modifying agency BD-DhUET
082 00 - DEWEY DECIMAL CLASSIFICATION NUMBER
Classification number 620.02
Item number THU/2001
100 ## - MAIN ENTRY--PERSONAL NAME
Personal name Thuesen, G. J.
245 10 - TITLE STATEMENT
Title Engineering economy
Statement of responsibility, etc. by G.J. Thuesen and W.J. Fabrycky
250 ## - EDITION STATEMENT
Edition statement 9th ed.
260 ## - PUBLICATION, DISTRIBUTION, ETC. (IMPRINT)
Place of publication, distribution, etc. New Jersy
Name of publisher, distributor, etc. Prentice Hall
Date of publication, distribution, etc. 2001
300 ## - PHYSICAL DESCRIPTION
Extent xiv, 637 p.
Other physical details ill.
Dimensions 25 cm.
490 ## - SERIES STATEMENT
Series statement Prentice hall international series in industrial and sytems engineering
504 ## - BIBLIOGRAPHY, ETC. NOTE
Bibliography, etc Includes bibliographies
650 #0 - SUBJECT ADDED ENTRY--TOPICAL TERM
Topical term or geographic name as entry element Engineering economy
700 1# - ADDED ENTRY--PERSONAL NAME
Personal name Fabrycky, W. J.
942 ## - ADDED ENTRY ELEMENTS (KOHA)
Koha item type General Book
Holdings
Koha full call number Koha normalized classification for sorting Koha issues (times borrowed) Location (home branch) Date acquired Sublocation or collection (holding branch) Source of classification or shelving scheme Koha item type Koha date last seen Lost status Shelving location Not for loan Koha date last borrowed Piece designation (barcode) Copy number Price effective from Withdrawn status Damaged status
620.02/THU/2001620_000000000000000_02THU2001 Central Library, BUET2014-09-08Central Library, BUET General Book2014-09-08 Circulation section  10259612014-09-08  
620.02/THU/2001620_000000000000000_02THU2001 Central Library, BUET2014-09-08Central Library, BUET General Book2014-09-08 Circulation section  10259422014-09-08  
620.02/THU/2001620_000000000000000_02THU20011Central Library, BUET2014-09-08Central Library, BUET General Book2021-12-20 Circulation section 2021-11-2910259032014-09-08  
620.02/THU/2001620_000000000000000_02THU2001 Central Library, BUET2014-09-08Central Library, BUET General Book2014-09-08 Circulation section  10259542014-09-08  
620.02/THU/2001620_000000000000000_02THU2001 Central Library, BUET2014-09-08Central Library, BUET General Book2014-09-08 Circulation section  10258952014-09-08  
620.02/THU/2001620_000000000000000_02THU2001 Central Library, BUET2014-09-08Central Library, BUET General Book2014-09-08 Circulation section  10258862014-09-08  
620.02/THU/2001620_000000000000000_02THU20012Central Library, BUET2014-09-08Central Library, BUET General Book2022-04-16 Circulation section 2022-03-2110259282014-09-08  
620.02/THU/2001620_000000000000000_02THU2001 Central Library, BUET2014-09-08Central Library, BUET General Book2014-09-08 Circulation section  10259192014-09-08  
620.02/THU/2001620_000000000000000_02THU2001 Central Library, BUET2014-09-15Central Library, BUET General Book2014-09-15 Circulation section  102593102014-09-15  
620.02/THU/2001620_000000000000000_02THU20013Central Library, BUET2014-09-27Central Library, BUET General Book2021-12-20 Circulation section 2021-12-04101877112014-09-27  
620.02/THU/2001620_000000000000000_02THU2001 Central Library, BUET2014-10-19Central Library, BUET General Book2014-10-19 Circulation section  112838122014-10-19  
620.02/THU/2001620_020000000000000_THU_2001 Central Library, BUET2014-11-23Central Library, BUET General Book2014-11-23 Circulation section  101878132014-11-23